03042njm a2200397Ia 4500001000600000003000900006005001700015008004100032040001300073040001300086100001100099100001800110100003800128245002400166250001100190260000900201260007900210300001700289300003000306500005900336505071600395511008101111511002601192650005601218700011401274700013301388700011901521700015001640700012301790700009501913700016502008700013402173700011802307700011502425700010402540B5173IT-RoPAU20220918181205.0131025s9999 xx 000 0 und d aIT-RoPAU cIT-RoPAU aAA.VV. eAutore musica gCodice autore musica SPICS: 12000 aAve piena di grazia a1a ed. aROMA bEP - MUSICALI E DISCOGRAFICHEc1992 [1a Ed.:1992 - Ed. Lingua Orig.: 1992] aMUSICASSETTA c69 minuti (Testo: 0 pag.) aVersioni diverse e di autori diversi dell'"Ave Maria". aAve Maria, op. 52 n. 6 per coro e orchestra (6:00) - Ave Maria per coro e archi (5:00) - Ave Maria per soprano, corno inglese e orchestra (6:00) - Ave Maria per coro femminile e archi (3:00) - Ave Maria per coro e orchestra (3:00) - Ave Maria, per soprano, coro ed archi (5:00) - Ave Maria op. 23 per coro a 8 voci, organo e fiati (7:00) - Ave Maria per coro e organo (5:00) - Ave Maria da "Otello" per soprano e archi (5:00) - Ave Maria op. 35 per baritono con accompagnamento di orchestra (3:00) - Ave Maria op. 12 per coro femminile e orchestra (4:00) - Ave Maria da J.S. Bach, per coro e orchestra (4:00) - Ave Maria volgarizzata da Dante per soprano ed archi (5:00) - Ave Maria per coro, archi 2 cr (9:00) aSaint Paul's Philharmonic Orchestra and Chorus diretti da Frontalini Silvano aK. Rumarczyk: soprano aMUSICA SACRA [CASSETTE]eCodice MATERIA SPICS: 9951 aSchubert FranzdCodice autore musica SPICS: 10690eAutore musicapAve Maria, op. 52 n. 6 per coro e orchestra aRossini GioachinodCodice autore musica SPICS: 11125eAutore musicapAve Maria per coro e archi - Ave Maria per coro e orchestra aCherubini LuigidCodice autore musica SPICS: 8099eAutore musicapAve Maria per soprano, corno inglese e orchestra aDonizetti GaetanodCodice autore musica SPICS: 10737eAutore musicapAve Maria per coro femminile e archi - Ave Maria, per soprano, coro ed archi aMendelssohn FelixdCodice autore musica SPICS: 3873eAutore musicapAve Maria op. 23 per coro a 8 voci, organo e fiati aLiszt FranzdCodice autore musica SPICS: 10789eAutore musicapAve Maria per coro e organo aVerdi GiuseppedCodice autore musica SPICS: 89eAutore musicapAve Maria da "Otello" per soprano e archi - Ave Maria volgarizzata da Dante per soprano ed archi aBusoni FerrucciodCodice autore musica SPICS: 8669eAutore musicapAve Maria op. 35 per baritono con accompagnamento di orchestra aBrahms JohannesdCodice autore musica SPICS: 8867eAutore musicapAve Maria op. 12 per coro femminile e orchestra aGounod CharlesdCodice autore musica SPICS: 10670eAutore musicapAve Maria da J.S. Bach, per coro e orchestra aProcaccini TeresadCodice autore musica SPICS: 38352eAutore musicapAve Maria per coro, archi 2 cr